000 00468nam a22001931a 4500
001 6414
003 OSt
005 20260204212050.0
008 060410s2002||||dr ||||||b||||||||||spa||
020 _a9993476145
050 _aRD 861.44 B181vo
100 _aBalaguer, Joaquín
245 _aVoz Silente / Joaquín Balaguer
250 _aEdicion Especial
264 _aSanto Domingo : Corripio
300 _a136 p
650 _aPoesía DominicanaÌ
942 _2ddc
_cBK
999 _c6414
_d6414